| 000 | 01082cad a22001935a 4500 | ||
|---|---|---|---|
| 001 | L157048 | ||
| 008 | 120821e2012 xxk 000 0 eng d | ||
| 035 | _a(Sirsi) u157048 | ||
| 041 | 0 | _aeng | |
| 110 | 2 |
_aNational Housing Federation _9695 |
|
| 245 | 0 | 0 |
_aHouse prices rise three times as much as incomes over ten years _h[electronic resource] |
| 260 |
_aLondon _bNational Housing Federation _c2012 |
||
| 520 | _aNational Housing Federation research shows the cost of buying a home in England increased by more than three times the rate of an average salary over the last ten years. In 2001 the average price of a home was £121 769 and the average salary was £16 557; by 2011 the price of a home was £236 518, an increase of 94% whereas wages had risen just 29% to £21 330 in the same period. Includes a full breakdown of regional figures. | ||
| 590 | _aKA | ||
| 651 | 4 | _aEngland | |
| 690 |
_aResidential property _96266 |
||
| 856 | 4 | 0 |
_uhttps://www.housing.org.uk/media/news/house_prices_rise_three_times.aspx _zView the item free of charge at www.housing.org.uk |
| 942 | _n0 | ||
| 999 |
_c84248 _d84248 |
||